00593cam a22001337a 4500008004000000082002400040245014200064260002200206300000800228650005100236700005800287999001900345952009500364180718b1990 xxu||||| |||| 00| 0 eng d aB703x5444 K147 1987 aKarnataka urban development authorities act 1987 (Karnataka act no. 43 of 1987)cby Department of Law And Parliamentry Affairs, Karnataka aBangalorebc1990 a51p aCity Planning - India- karnataka - Legislation aKarnataka. Department of Law And Parliamentry Affairs c415719d415719 00104070aIIPAbIIPAd2009-03-06oB703x5444 K147 1987p12431r2018-07-21w2018-07-21yBK